Textbook of Applied Biochemistry : (Record no. 1508)

MARC details
000 -LEADER
Fixed length control field 00496nam a2200181Ia 4500
003 - CONTROL NUMBER IDENTIFIER
Control field IIN
005 - DATE AND TIME OF LATEST TRANSACTION
Control field 20240208123611.0
008 - FIXED-LENGTH DATA ELEMENTS--GENERAL INFORMATION
Fixed length control field 231217s9999 xx 000 0 und d
020 ## - INTERNATIONAL STANDARD BOOK NUMBER / ISBN
Price Rs.425.00
International Standard Book Number 9789393885180
040 ## - CATALOGING SOURCE
Original cataloging agency IIN
Language of cataloging English
082 ## - DEWEY DECIMAL CLASSIFICATION NUMBER
Classification number 572.3
Book Number VAR
100 1# - MAIN ENTRY--PERSONAL NAME
Personal name Varghese, Sherin
245 1# - TITLE STATEMENT
Title Textbook of Applied Biochemistry :
Sub title for B.Sc Nursing /
Statement of responsibility Sherin Varghese
260 ## - IMPRINT
Place of publication Bangaluru :
Name of publisher EMMESS,
Date of publication 2022
300 ## - PHYSICAL DESCRIPTION
Page / Vol. No iv, 157p.
650 1# - SUBJECT ADDED ENTRY--TOPICAL TERM
Topical term Biochemistry
942 ## - ADDED ENTRY ELEMENTS (KOHA)
Koha item type Books
Holdings
Withdrawn status Lost status Damaged status Not for loan Collection code Home library Current library Date acquired Price Total Checkouts Call number Accession number Date last seen Price effective from Koha item type Source of classification Shelving location
          IDEAL INSTITUTE OF NURSING IDEAL INSTITUTE OF NURSING 17/12/2023 425.00   572.3 VAR 1502 17/12/2023 17/12/2023 Books    
          IDEAL INSTITUTE OF NURSING IDEAL INSTITUTE OF NURSING 17/12/2023 425.00   572.3 VAR 1503 17/12/2023 17/12/2023 Books    
          IDEAL INSTITUTE OF NURSING IDEAL INSTITUTE OF NURSING 17/12/2023 425.00   572.3 VAR 1504 17/12/2023 17/12/2023 Books    
        Purches Book IDEAL INSTITUTE OF NURSING IDEAL INSTITUTE OF NURSING 11/03/2025 475.00   572.3 VAR 1764 02/04/2025 02/04/2025 Books Dewey Decimal Classification General Stacks
© Ideal Institute Of Nursing, All rights reserved.         Powered by Koha